000 00728nam a2200205Ia 4500
003 GCL
008 140319s9999 xx 000 0 ara d
040 _aGCL /
_cGCL
082 0 4 _a398.352
_bأ هـ
100 1 _aاحمد غسان سبانو
245 1 0 _aهرمس الحكيم بين الالوهية والنبوة :
_bهرمس ما نسب اليه وما كتب عنه /
_cاحمد غسان سبانو
250 _aالاولى
260 _aسوريا :
_bدار قتيبة للطباعة والنشر والتوزيع ،
_c2002
300 _a223ص ؛
_c27سم
650 0 4 _aالادب الشعبى
650 0 4 _aالاساطير
650 0 4 _aالابطال
650 0 4 _aهرمس الحكيم
942 _2ddc
_cBK
999 _c58120
_d58120